000 00379nam a2200157Ia 4500
008 160316s1984 xxu||||| |||| 00| 0 eng d
082 _a302.000000
_bARO
100 _aAronson Elliot
245 _aThe social animal
250 _a
260 _aNew York
_bW H Freeman & Co.
_c1984
300 _a440p
_b
_cxvii
365 _bGratis
650 _a1.Social Psychology
700 _a
_a
999 _c7556
_d7556